000 00608nam a2200229Ia 4500
003 OSt
005 20221005120733.0
006 a|||||r|||| 00| 0
007 ta
008 221004b |||||||| |||| 00| 0 eng d
024 _a61379
037 _cTextual
040 _aCRL
_cCRL
_beng
041 _2eng
_aeng
082 _aSM62, D5
100 _aTitchener Edward Bradford
_983755
245 0 _aExperimental psychology
_b A manual of laboratory practice.
260 _c1905
650 _aPSYCHOLOGY
942 _hSM62, D5
_cTEXL
_2cc
999 _c1038987
_d1038987